000 00485nam a2200193Ia 4500
003 OSt
005 20220702110804.0
008 210210b1944 xxu||||| |||| 00| 0 eng d
040 _cAL
041 _aeng
082 _a335/239
100 _aNARAYANASWAMY
_946707
245 _aEconomics of Indian agriculture Part II
260 _aMadras
_bRochouse & Sons Pvt Ltd
_c1944
690 _aIndian Economics
_946708
700 _aNARASIMHAN
_946709
906 _a004581
942 _2ddc
_cBK
999 _c126542
_d126542